The Interpretation of Dreams (Record no. 12823)

MARC details
000 -LEADER
fixed length control field 00398nam a22001697a 4500
003 - CONTROL NUMBER IDENTIFIER
control field OSt
008 - FIXED-LENGTH DATA ELEMENTS--GENERAL INFORMATION
fixed length control field 240816b |||||||| |||| 00| 0 eng d
020 ## - INTERNATIONAL STANDARD BOOK NUMBER
International Standard Book Number 9789380005874
082 ## - DEWEY DECIMAL CLASSIFICATION NUMBER
Classification number 150.1952 FRI
100 ## - MAIN ENTRY--PERSONAL NAME
Personal name FREUD, Sigmund
245 ## - TITLE STATEMENT
Title The Interpretation of Dreams
250 ## - EDITION STATEMENT
Edition statement 1st. ed.
260 ## - PUBLICATION, DISTRIBUTION, ETC. (IMPRINT)
Place of publication, distribution, etc Noida,
Name of publisher, distributor, etc Maple Press
Date of publication, distribution, etc 2023,
300 ## - PHYSICAL DESCRIPTION
Extent 578 p.
650 ## - SUBJECT ADDED ENTRY--TOPICAL TERM
Topical term or geographic name as entry element English
942 ## - ADDED ENTRY ELEMENTS (KOHA)
Source of classification or shelving scheme Dewey Decimal Classification
Koha item type Text Books
Holdings
Withdrawn status Lost status Source of classification or shelving scheme Damaged status Not for loan Collection code Home library Current library Date acquired Source of acquisition Currency Cost, normal purchase price Bill Number Total Checkouts Full call number Acc. no. / Barcode Date last seen Actual Cost, discounted price Bill Date Koha item type Date last borrowed
    Dewey Decimal Classification     B.A Hons. English PIET NCR College Library PIET NCR College Library 12/08/2024 Zafaa Books & Distributers In Rupees 395.00 ZBD0135   150.1952 FRI N3733 16/08/2024 296.25 12/08/2024 Reference Books  
    Dewey Decimal Classification     B.A Hons. English PIET NCR College Library PIET NCR College Library 12/08/2024 Zafaa Books & Distributers In Rupees 395.00 ZBD0135 1 150.1952 FRI N3734 18/11/2024 296.25 12/08/2024 Text Books 17/09/2024

Design & Developed by: PIET Central Library
R70 Miles Stone Pattikalyana Samalkha Panipat 132102
mail ID :- [email protected], Phone No:- 0180-2569700 Ex.216